Lucrecia Borgia / (Record no. 61616)

MARC details
000 -LEADER
campo de control de longitud fija 00551nam a2200193 i 4500
001 - NÚMERO DE CONTROL
campo de control 61616
003 - IDENTIFICADOR DE NÚMERO DE CONTROL
campo de control ES-MaACL
005 - FECHA Y HORA DE LA ÚLTIMA TRANSACCIÓN
campo de control 20250807232849.0
007 - CAMPO FIJO DE DESCRIPCIÓN FÍSICA--INFORMACIÓN GENERAL
campo de control de longitud fija t|
008 - DATOS DE LONGITUD FIJA--INFORMACIÓN GENERAL
campo de control de longitud fija 031113q19501959sp ||||1| spa d
100 1# - ENTRADA PRINCIPAL--NOMBRE DE PERSONA
Nombre de persona Fábregas, Marta.
9 (RLIN) 48554
245 10 - MENCIÓN DEL TÍTULO
Título Lucrecia Borgia /
Mención de responsabilidad, etc. Marta Fábregas.
260 ## - PUBLICACIÓN, DISTRIBUCIÓN, ETC.
Lugar de publicación, distribución, etc. Barcelona :
Nombre del editor, distribuidor, etc. Mateu,
Fecha de publicación, distribución, etc. [195-?] (
Fabricante Diamante)
300 ## - DESCRIPCIÓN FÍSICA
Extensión 254 p. ;
Dimensiones 19 cm.
490 1# - MENCIÓN DE SERIE
Mención de serie Mujeres insignes "cadetes"
830 00 - PUNTO DE ACCESO ADICIONAL DE SERIE-TÍTULO UNIFORME
Título uniforme Mujeres insignes
9 (RLIN) 231019
852 ## - LOCALIZACIÓN
Ubicación ES-MaACL
Número de control de estantería C-11427
Sublocalización o colección R.39293
Holdings
Estatus retirado Estado de pérdida Estado de daño No para préstamo Biblioteca de origen Biblioteca actual Ubicación en estantería Fecha de adquisición Fuente de adquisición Total de préstamos Signatura topográfica completa Código de barras Visto por última vez Precio de reemplazo Tipo de ítem Koha
        Biblioteca del Ateneo de Madrid Biblioteca del Ateneo de Madrid Sala Palomar 17/01/2008     C-11427 1064607 23/02/2023 23/02/2023 Libro impreso